00378nam a2200169Ia 4500003000400000005001700004008004100021020001900062040000700081041000800088082001300096100002600109245003500135260001700170300000900187650001200196OSt20251125152314.0250729s1893 xx 000 0 und d a978-8119139293 cAL aeng a900 MALH aMalleson G B Collonel aHistory of the french in india aLondonc1893 a614p aHistory